MARC

LEADER 00000nam0a2200000 4500
001 254422
005 20231101232932.0
010 |a 5835503628 
020 |a RU  |b 89-53338 
035 |a (RuTPU)RU\TPU\book\276879 
090 |a 254422 
100 |a 20140320d1989 k a0rusy5003 ca 
101 0 |a rus 
102 |a KG 
105 |a y z 001zy 
200 1 |a Новые методы в динамике твердого тела  |f В. Г. Демин, Л. И. Конкина  |g Академия наук Киргизской ССР (АН КиргССР), Институт физики и механики горных пород 
210 |a Фрунзе  |c Илим  |d 1989 
215 |a 181 с.  |c граф. 
320 |a Библиогр. в конце частей 
606 1 |a Твердые тела  |2 stltpush  |3 (RuTPU)RU\TPU\subj\58730  |9 76404 
610 1 |a вращение 
610 1 |a неподвижные точки 
610 1 |a исследование 
610 1 |a динамика 
610 1 |a построение 
610 1 |a волчок 
610 1 |a устойчивость 
610 1 |a переменные 
610 1 |a возмущения 
675 |a 531.3  |z rus 
700 1 |a Демин  |b В. Г. 
701 1 |a Конкина  |b Л. И. 
712 0 2 |a Академия наук Киргизской ССР (АН КиргССР)  |b Институт физики и механики горных пород  |2 stltpush  |3 (RuTPU)RU\TPU\col\12429 
801 0 |a RU  |b RuMRKP  |c 19950417  |g psbo 
801 1 |a RU  |b 63413507  |c 20140320 
801 2 |a RU  |b 63413507  |c 20140625  |g RCR 
942 |c BK